000
00341pam a2200157a 44500
008
230405s1998 xxu||||| |||| 00| 0 eng d
041
_a
ENG
100
_a
Manju Kooper
245
_a
Difficult daughters
250
_a
1
260
_a
_b
Penguin Books
_c
1998
300
_a
262p,24cms
440
_a
283
690
_a
IMRDA
906
_a
2803
999
_c
255662
_d
255662